Toutes les cartes multijoueur de COD : Modern Warfare 2 - Statistiques

Statistiques générales
  • Ce quiz a été pris 33 fois
  • Le résultat moyen est 2 sur 7
Statistiques - réponses
Localisation Carte % Correct
Brésil Favela
77%
Moscou Terminal
74%
Afghanistan Rust
39%
Frontière Géorgie / Russie Estate
26%
Russie Overgrown
3%
Afghanistan Strike
3%
Ukraine Vacant
3%
Aucun quiz correspondant
Distribution des résultats
% des personnes avec chaque résultat
Percentile par nombre de réponses
Votre historique - résultats
Vous n’avez pas pris ce quiz